[Event "Women's Speed Chess Q6"]
[Site "chess.com INT"]
[Date "2021.06.05"]
[Round "6"]
[White "Corrales Jimenez, Zenia"]
[Black "Purtseladze, Maka"]
[Result "0-1"]
[WhiteTitle "WIM"]
[BlackTitle "IM"]
[WhiteElo "2189"]
[BlackElo "2274"]
[WhiteFideId "3506355"]
[BlackFideId "13602659"]
[EventDate "2021.06.05"]

1. e4 c6 2. d4 d5 3. Nc3 dxe4 4. Nxe4 Bf5 5. Ng3 Bg6 6. Nf3 Nd7 7. Bd3 e6 8. h4
Ngf6 9. h5 Bxd3 10. Qxd3 h6 11. Bd2 Qc7 12. O-O-O O-O-O 13. Ne4 Nxe4 14. Qxe4
Nf6 15. Qe2 c5 16. Be3 Nd5 17. dxc5 Bxc5 18. Bxc5 Qxc5 19. Rh4 Nb6 20. Rhd4 Rxd4
21. Rxd4 Qxh5 22. Qe3 Qb5 23. Rd3 Rd8 24. Rxd8+ Kxd8 25. Qd4+ Ke7 26. Qxg7 Qf1+
27. Kd2 Qxf2+ 28. Kd3 Qf1+ 29. Kd2 Nc4+ 30. Kc3 Nd6 31. Qg4 Qb5 32. Qh4+ Ke8 33.
Qd4 Qc6+ 34. Kd2 Nc4+ 35. Kc1 Ke7 36. Qh4+ Kd7 37. Qxh6 Qd5 38. Qg5 Nd6 39. Qxd5
exd5 40. Ne5+ Ke6 41. Nd3 Ne4 42. Kd1 b6 43. Ke2 Kf5 44. Kf3 Nd2+ 45. Ke2 Nc4
46. b3 Nd6 47. Nb4 Ke4 48. Nc6 a5 49. a4 Nf5 50. Nd8 Nd4+ 51. Kd2 f5 52. Nf7 f4
53. Nd6+ Ke5 54. Nc8 Nf5 55. Nxb6 Ne3 56. Nd7+ Kf5 57. Nb8 Nxg2 58. Nc6 Ke4 59.
Nxa5 f3 60. Nc6 f2 61. Ke2 Ne3 62. Kxf2 Nxc2 63. Nb4 Nxb4 64. a5 Kd4 65. Ke2 Kc3
66. Ke3 d4+ 67. Ke4 d3 68. a6 Nxa6 69. Kd5 Nb4+ 70. Kc5 d2 71. Kb5 d1=Q 72. Kb6
Qd6+ 73. Kb7 Qc6+ 74. Kb8 Na6+ 75. Ka7 Nc5 76. b4 Qb7# 0-1

[Event "Women's Speed Chess Q6"]
[Site "chess.com INT"]
[Date "2021.06.05"]
[Round "6"]
[White "Chu, Ruotong"]
[Black "Nguyen, Hong Ngoc"]
[Result "1-0"]
[WhiteTitle "WIM"]
[BlackTitle "WCM"]
[WhiteElo "2207"]
[BlackElo "1957"]
[WhiteFideId "8605653"]
[BlackFideId "12403083"]
[EventDate "2021.06.05"]

1. Nf3 d5 2. g3 g6 3. Bg2 Bg7 4. O-O c6 5. d4 Nf6 6. c4 a6 7. b3 b5 8. Nbd2 Nbd7
9. Bb2 Bb7 10. cxb5 cxb5 11. a4 O-O 12. Ba3 Re8 13. Rc1 Rc8 14. Rxc8 Qxc8 15.
Qb1 Qb8 16. Rc1 e6 17. Ne1 Rc8 18. Nd3 Ne4 19. Nxe4 dxe4 20. Nc5 Nxc5 21. dxc5
f5 22. axb5 axb5 23. Bb2 Bf8 24. b4 Bd5 25. Qc2 Qb7 26. Ra1 Bg7 27. h4 Bc4 28.
Bxg7 Qxg7 29. Ra6 Qd4 30. Rd6 Qa1+ 31. Kh2 Qa3 32. Qd2 Bd5 33. Rd7 Qa1 34. Qh6
Qf6 35. Qxh7+ Kf8 36. Qh6+ Kg8 37. Qf4 Rf8 38. Qc7 Rf7 39. Rxf7 Qxf7 40. Qb8+
Qf8 41. Qxb5 f4 42. e3 fxg3+ 43. fxg3 Qf2 44. Qb8+ Kf7 45. Qf4+ Qxf4 46. gxf4
Bc6 47. Bf1 Kf6 48. b5 Bd5 49. c6 Ke7 50. Kg3 Kd6 51. Kg4 Kc7 52. Kg5 Kd6 53.
Kxg6 e5 54. fxe5+ Kxe5 55. h5 Kd6 56. h6 Ke7 57. h7 Bf7+ 58. Kg7 Bc4 59. h8=Q
Bxf1 60. Qf8+ Ke6 61. Qxf1 Kd5 62. Qf5+ Kc4 63. c7 Kd3 64. c8=Q Ke2 65. Qcc5 Ke1
66. Qc3+ Ke2 67. Qc2+ Ke1 68. Qff2# 1-0

[Event "Women's Speed Chess Q6"]
[Site "chess.com INT"]
[Date "2021.06.05"]
[Round "6"]
[White "Tarasova, Viktoriya"]
[Black "Starosta, Martyna"]
[Result "1-0"]
[WhiteTitle "WIM"]
[BlackTitle "WCM"]
[WhiteElo "2226"]
[BlackElo "1910"]
[WhiteFideId "4175840"]
[BlackFideId "21818754"]
[EventDate "2021.06.05"]

1. d4 Nf6 2. c4 e6 3. Nc3 Bb4 4. Nf3 O-O 5. Bg5 c5 6. Rc1 Bxc3+ 7. bxc3 Qe7 8.
e3 d5 9. cxd5 exd5 10. Bd3 h6 11. Bh4 c4 12. Be2 Nc6 13. O-O Bf5 14. h3 Qe6 15.
Kh2 Ne4 16. Nd2 Nd6 17. g4 Bh7 18. Bg3 b5 19. Bf3 a6 20. Re1 Ne4 21. Nxe4 dxe4
22. d5 Qf6 23. dxc6 exf3 24. Qd6 Qxd6 25. Bxd6 Rfd8 26. Rcd1 Bd3 27. Bg3 Rac8
28. c7 Rd7 29. h4 Rdxc7 30. Bxc7 Rxc7 31. Kg3 Kf8 32. Kxf3 Ke7 33. Rd2 Ke6 34.
Red1 a5 35. Rxd3 cxd3 36. Rxd3 Rc4 37. e4 Ra4 38. Rd5 b4 39. cxb4 axb4 40. Rd2
Ra3+ 41. Kf4 f6 42. h5 Ra4 43. Rc2 Ra3 44. f3 Ra4 45. Rc7 Rxa2 46. Rxg7 Rb2 47.
Rh7 b3 48. Rxh6 Rf2 49. Rh8 b2 50. Rb8 Rc2 51. h6 Kf7 52. Kf5 Rh2 53. h7 Rxh7
54. Rxb2 Rh3 55. Kf4 Kg6 56. Rb6 Kg7 57. Rc6 Rh2 58. Kf5 Rh3 59. f4 Rh4 60. Rc7+
Kg8 61. Kxf6 Rxg4 62. Kf5 Rg2 63. e5 Kh8 64. e6 Re2 65. Kf6 Kg8 66. f5 Ra2 67.
Rc8+ Kh7 68. e7 Ra6+ 69. Kf7 Ra7 70. f6 Kh6 71. Kf8 Kh7 72. e8=Q Rb7 73. Rd8
Rf7+ 74. Kxf7 Kh6 75. Qg8 Kh5 76. Rd5+ Kh4 77. Qg5+ Kh3 78. Rd3+ Kh2 79. Qg3+
Kh1 80. Rd1# 1-0

[Event "Women's Speed Chess Q6"]
[Site "chess.com INT"]
[Date "2021.06.05"]
[Round "6"]
[White "Dordzhieva, Dinara"]
[Black "Tokhirjonova, Gulrukhbegim"]
[Result "1/2-1/2"]
[WhiteTitle "WGM"]
[BlackTitle "WGM"]
[WhiteElo "2311"]
[BlackElo "2344"]
[WhiteFideId "24157570"]
[BlackFideId "14203626"]
[EventDate "2021.06.05"]

1. Nf3 d5 2. d4 Nf6 3. c4 e6 4. g3 dxc4 5. Bg2 Nc6 6. Qa4 Bb4+ 7. Bd2 Qe7 8. Ne5
Bxd2+ 9. Nxd2 O-O 10. Nxc6 bxc6 11. Nxc4 Rb8 12. O-O Rb4 13. Qc2 c5 14. Ne5 Qd6
15. Nc6 Rb6 16. Qxc5 Rxb2 17. Bf3 Bb7 18. Qc3 Rb6 19. Rac1 Nd5 20. Bxd5 exd5 21.
Ne5 c6 22. Qc5 Qe6 23. Rfe1 g6 24. Qa3 Ra6 25. Qb3 Rb6 26. Qa3 Ra6 27. Qb2 Rb6
28. Qc3 Kg7 29. e4 dxe4 30. d5 Qf6 31. dxc6 Bc8 32. Rxe4 Re8 33. Ree1 Bf5 34. f4
Rc8 35. g4 Be6 36. g5 Qf5 37. Nd7+ Kg8 38. Nf6+ Kh8 39. Nh5+ f6 40. Qxf6+ Qxf6
41. Nxf6 Rbxc6 42. Rcd1 Kg7 43. h4 h6 44. h5 hxg5 45. fxg5 gxh5 46. Nxh5+ Kg6
47. Nf4+ Kxg5 48. Nxe6+ Kf6 49. Nd4 Rg8+ 50. Kf1 Ra6 51. Re2 Ra4 52. Rf2+ Ke5
53. Nc6+ Ke6 54. Nd8+ Ke7 55. Nc6+ Ke6 56. Rd4 Ra3 57. Nd8+ Ke7 58. Nc6+ Ke6 59.
Nb4 Rb8 60. Re4+ Kd6 61. Rd2+ Kc5 62. Nd3+ Kb6 63. Ne5 Rf8+ 64. Ke2 Rh3 65. Nc4+
Kc5 66. Ne5 Rh2+ 67. Kd1 Rxd2+ 68. Kxd2 Rh8 69. Re2 Kd5 70. Nd3 Rb8 71. Kc3 Rc8+
72. Kd2 Kd4 73. Nf4 Rb8 74. Ne6+ Kd5 75. Nf4+ Kd4 76. Nd3 Rf8 77. Rh2 Rf3 78.
Rh4+ Kd5 79. Kc3 a5 80. a4 Rg3 81. Rh5+ Ke4 82. Rxa5 Rxd3+ 83. Kc4 Rd1 84. Rc5
Rc1+ 85. Kb5 Rb1+ 86. Kc6 Kd4 87. a5 Ra1 88. Rg5 Rc1+ 89. Kb6 Rb1+ 90. Rb5 Ra1
91. a6 Kc4 92. a7 Rxa7 93. Rc5+ Kd4 94. Rb5 Rd7 95. Kc6 Rg7 96. Rd5+ Kc3 97. Rd1
Rg3 98. Ra1 Rd3 99. Ra3+ Kd2 100. Rxd3+ Kxd3 1/2-1/2

[Event "Women's Speed Chess Q6"]
[Site "chess.com INT"]
[Date "2021.06.05"]
[Round "7"]
[White "Kairbekova, Amina"]
[Black "Vine, Elzbieta"]
[Result "0-1"]
[WhiteTitle "WFM"]
[BlackTitle "WFM"]
[WhiteElo "2132"]
[BlackElo "2138"]
[WhiteFideId "13712799"]
[BlackFideId "1119320"]
[EventDate "2021.06.05"]

1. e4 c5 2. Nf3 Nc6 3. d4 cxd4 4. Nxd4 Nf6 5. Nc3 h5 6. Bg5 d6 7. Be2 e5 8. Nxc6
bxc6 9. Bxf6 Qxf6 10. Bxh5 Qg5 11. Bf3 Ba6 12. Qxd6 Bxd6 0-1

[Event "Women's Speed Chess Q6"]
[Site "chess.com INT"]
[Date "2021.06.05"]
[Round "7"]
[White "Maklakova, Nellija"]
[Black "Von Herman, Brigitte"]
[Result "1-0"]
[BlackTitle "WFM"]
[WhiteElo "1828"]
[BlackElo "1991"]
[WhiteFideId "11603470"]
[BlackFideId "4628730"]
[EventDate "2021.06.05"]

1. e4 e5 2. Nf3 Nc6 3. Bb5 a6 4. Ba4 Nf6 5. O-O Be7 6. d3 b5 7. Bb3 d6 8. c3 O-O
9. Nbd2 Na5 10. Bc2 c5 11. Re1 Re8 12. Nf1 Nc6 13. Ne3 h6 14. a4 Be6 15. g3 Qc7
16. Nh4 d5 17. Nef5 Bf8 18. axb5 axb5 19. Rxa8 Rxa8 20. Qf3 Nh7 21. exd5 Bxf5
22. Nxf5 Ne7 23. d6 1-0

[Event "Women's Speed Chess Q6"]
[Site "chess.com INT"]
[Date "2021.06.05"]
[Round "7"]
[White "Zakirova, Aisha"]
[Black "Nanditha, V"]
[Result "1-0"]
[WhiteTitle "WCM"]
[BlackTitle "WCM"]
[WhiteElo "1585"]
[BlackElo "1666"]
[WhiteFideId "13719734"]
[BlackFideId "46626697"]
[EventDate "2021.06.05"]

1. d4 d5 2. c4 e6 3. Nc3 Nf6 4. Nf3 Be7 5. Qc2 O-O 6. Bg5 c5 7. cxd5 cxd4 8.
Nxd4 Nxd5 9. Bxe7 Qxe7 10. Nxd5 exd5 11. a3 Bd7 12. e3 Nc6 13. Nxc6 bxc6 14. Bd3
f5 15. O-O Rf6 16. b4 Raf8 17. b5 cxb5 18. Qb3 Rh6 19. Qxd5+ Be6 20. Qe5 a6 21.
Rac1 Re8 22. Rc7 Qg5 23. Bxf5 Bf7 24. Bxh7+ Kxh7 25. Qxg5 Bg8 26. Qxg7# 1-0

[Event "Women's Speed Chess Q6"]
[Site "chess.com INT"]
[Date "2021.06.05"]
[Round "7"]
[White "Kotepalli, Sai Nirupama"]
[Black "Belenkaya, Dina"]
[Result "0-1"]
[WhiteTitle "WFM"]
[BlackTitle "WGM"]
[WhiteElo "1914"]
[BlackElo "2341"]
[WhiteFideId "5039444"]
[BlackFideId "24142654"]
[EventDate "2021.06.05"]

1. e4 d5 2. exd5 Qxd5 3. Nc3 Qe5+ 4. Be2 c6 5. d4 Qc7 6. Nf3 Nf6 7. Be3 Bf5 8.
Qd2 e6 9. h3 Nbd7 10. O-O-O h5 11. Ne5 Nxe5 12. dxe5 Qxe5 13. Bxa7 Bb4 14. Bd4
Qa5 15. a3 Bxa3 16. Bxf6 gxf6 17. Qd7+ Kf8 18. Qd4 Bxb2+ 19. Kd2 Rd8 0-1

[Event "Women's Speed Chess Q6"]
[Site "chess.com INT"]
[Date "2021.06.05"]
[Round "7"]
[White "Eswaran, Ashritha"]
[Black "Berend, Elvira"]
[Result "0-1"]
[WhiteTitle "WIM"]
[BlackTitle "WGM"]
[WhiteElo "2244"]
[BlackElo "2326"]
[WhiteFideId "2080788"]
[BlackFideId "4000510"]
[EventDate "2021.06.05"]

1. e4 c5 2. Nf3 e6 3. d4 cxd4 4. Nxd4 Nc6 5. Nc3 a6 6. Be3 Nf6 7. Qf3 Bb4 8.
Nxc6 bxc6 9. Bd3 d5 10. Bd2 d4 11. Nb1 Bxd2+ 12. Nxd2 e5 13. Nc4 O-O 14. O-O Qe7
15. a4 a5 16. Qg3 Re8 17. Ra3 Ba6 18. Rb3 Bxc4 19. Bxc4 Nxe4 20. Qd3 Nc5 21. Qd2
Nxb3 22. cxb3 c5 23. Re1 Qd6 24. g4 e4 25. Qg5 Rad8 26. h4 e3 27. fxe3 Qg3+ 28.
Kf1 dxe3 29. Be2 Qf2# 0-1

[Event "Women's Speed Chess Q6"]
[Site "chess.com INT"]
[Date "2021.06.05"]
[Round "7"]
[White "Nguyen, Hong Ngoc"]
[Black "Fernandez, Maria Florencia"]
[Result "1-0"]
[WhiteTitle "WCM"]
[BlackTitle "WIM"]
[WhiteElo "1957"]
[BlackElo "2229"]
[WhiteFideId "12403083"]
[BlackFideId "116459"]
[EventDate "2021.06.05"]

1. e4 c5 2. Nc3 d6 3. g3 g6 4. Bg2 Bg7 5. d3 Nc6 6. Be3 Nf6 7. Qd2 O-O 8. Bh6 e5
9. Bxg7 Kxg7 10. h4 h5 11. Nge2 Nd4 12. Nd1 Bg4 13. Nxd4 cxd4 14. f3 Be6 15. O-O
d5 16. f4 dxe4 17. fxe5 Ng4 18. dxe4 Nxe5 19. Nf2 Nc4 20. Qb4 Ne3 21. Rfc1 Qd7
22. Nd3 b6 23. Nf4 Nxg2 24. Kxg2 Bg4 25. Rf1 Qb7 26. Qxd4+ Kg8 27. Nd5 f6 28.
Rxf6 Qg7 29. Raf1 Rae8 30. Qc4 Kh8 31. Rxf8+ Rxf8 32. Rxf8+ Qxf8 33. Qc3+ Kh7
34. Nf6+ Kh6 35. Nxg4+ hxg4 36. Qe3+ Kh7 37. e5 Qa8+ 38. Kg1 Qc6 39. c3 Qd5 40.
e6 Qd1+ 41. Kf2 Qc2+ 42. Ke1 Qb1+ 43. Kf2 Qxb2+ 44. Qe2 Qxe2+ 45. Kxe2 Kg7 46.
Ke3 Kf6 47. Kf4 Kxe6 48. Kxg4 b5 49. Kg5 Kf7 50. h5 gxh5 51. Kxh5 a5 52. g4 1-0

[Event "Women's Speed Chess Q6"]
[Site "chess.com INT"]
[Date "2021.06.05"]
[Round "7"]
[White "Kubicka, Anna"]
[Black "Pourkashiyan, Atousa"]
[Result "1-0"]
[WhiteTitle "WIM"]
[BlackTitle "WGM"]
[WhiteElo "2210"]
[BlackElo "2322"]
[WhiteFideId "1152254"]
[BlackFideId "12502014"]
[EventDate "2021.06.05"]

1. e4 c5 2. Ne2 e6 3. g3 a6 4. Bg2 Nc6 5. O-O d6 6. c3 Nf6 7. d4 e5 8. h3 Be7 9.
Be3 O-O 10. d5 Nb8 11. Nd2 b5 12. Kh2 Re8 13. f4 Nbd7 14. f5 Nb6 15. g4 Bf8 16.
Ng3 Nfd7 17. g5 c4 18. Qh5 Nc5 19. g6 fxg6 20. fxg6 hxg6 21. Qxg6 Ra7 22. Nh5
Kh8 23. Bg5 Qd7 24. Rf3 Nd3 25. Raf1 Nf4 26. Nxf4 exf4 27. Rxf4 Be7 28. Rh4+ Kg8
29. Qf7# 1-0

[Event "Women's Speed Chess Q6"]
[Site "chess.com INT"]
[Date "2021.06.05"]
[Round "7"]
[White "Selkirk, Rebecca"]
[Black "Smietanska, Wiktoria"]
[Result "0-1"]
[WhiteTitle "WCM"]
[BlackTitle "CM"]
[WhiteElo "1799"]
[BlackElo "1802"]
[WhiteFideId "14306514"]
[BlackFideId "21869359"]
[EventDate "2021.06.05"]

1. e4 c5 2. Nf3 d6 3. d4 cxd4 4. Nxd4 Nf6 5. Nc3 a6 6. Bg5 Nbd7 7. f4 Qc7 8. Qf3
b5 9. O-O-O Bb7 10. Bd3 e6 11. Rhe1 Be7 12. g4 b4 13. Na4 Qa5 14. b3 Nc5 15.
Nxc5 dxc5 16. Nxe6 fxe6 17. Qe2 Qxa2 18. e5 Nd5 19. Bxe7 Kxe7 20. f5 Nc3 21. f6+
Kf7 22. Qf2 Nxd1 23. Qxc5 Qa1+ 24. Kd2 Qc3+ 0-1

[Event "Women's Speed Chess Q6"]
[Site "chess.com INT"]
[Date "2021.06.05"]
[Round "7"]
[White "Bommini, Mounika Akshaya"]
[Black "Frayna, Janelle Mae"]
[Result "0-1"]
[WhiteTitle "WFM"]
[BlackTitle "WGM"]
[WhiteElo "2029"]
[BlackElo "2179"]
[WhiteFideId "25019872"]
[BlackFideId "5212499"]
[EventDate "2021.06.05"]

1. f4 d5 2. Nf3 Nf6 3. g3 h5 4. Bg2 h4 5. Nxh4 Nc6 6. b3 e5 7. fxe5 Nxe5 8. Bb2
Bd6 9. O-O Rxh4 10. gxh4 Nfg4 11. h3 Qxh4 12. Qe1 Qh6 13. e3 Nh2 14. Nc3 Bxh3
15. Nb5 Qg5 16. Nxd6+ cxd6 17. Qf2 Nhf3+ 18. Kh1 Bxg2+ 0-1

[Event "Women's Speed Chess Q6"]
[Site "chess.com INT"]
[Date "2021.06.05"]
[Round "7"]
[White "Babiy, Olga"]
[Black "Bodnaruk, Anastasia"]
[Result "1-0"]
[WhiteTitle "WGM"]
[BlackTitle "IM"]
[WhiteElo "2280"]
[BlackElo "2446"]
[WhiteFideId "14117258"]
[BlackFideId "4181751"]
[EventDate "2021.06.05"]

1. d4 Nf6 2. Nf3 g6 3. Nbd2 d5 4. e3 Bg7 5. b4 a5 6. b5 c6 7. bxc6 Nxc6 8. a4
O-O 9. Ba3 Bf5 10. c3 Re8 11. Bb5 Rc8 12. O-O Nd7 13. c4 dxc4 14. Nxc4 Na7 15.
Bxd7 Bxd7 16. Rc1 Be6 17. Qe2 Nc6 18. Bc5 Bxc4 19. Qxc4 b6 20. Ba3 Nxd4 21. Qa6
Nxf3+ 22. gxf3 Rb8 23. Rfd1 Ra8 24. Rxd8 Rexd8 25. Qxb6 1-0

[Event "Women's Speed Chess Q6"]
[Site "chess.com INT"]
[Date "2021.06.05"]
[Round "7"]
[White "Tokhirjonova, Gulrukhbegim"]
[Black "Sliwicka, Alicja"]
[Result "1-0"]
[WhiteTitle "WGM"]
[BlackTitle "WIM"]
[WhiteElo "2344"]
[BlackElo "2308"]
[WhiteFideId "14203626"]
[BlackFideId "1150677"]
[EventDate "2021.06.05"]

1. e4 c5 2. Nf3 d6 3. d4 cxd4 4. Nxd4 Nf6 5. Nc3 Bd7 6. Be2 e5 7. Nb3 Bc6 8. Bg5
Nbd7 9. O-O Be7 10. Bd3 h6 11. Bh4 O-O 12. Qf3 a5 13. Rad1 a4 14. Nd2 a3 15. b3
d5 16. Nxd5 Nxd5 17. exd5 Bxd5 18. Qxd5 Bxh4 19. Nc4 Nb6 20. Nxb6 Qxb6 21. Qe4
g6 22. Qxh4 Kg7 23. Rfe1 Rfe8 24. c4 f5 25. Bf1 Qc6 26. Rd5 e4 27. Red1 Rf8 28.
Rd7+ Rf7 29. Rxf7+ Kxf7 30. Qxh6 Rg8 31. Qf4 Qe6 32. Qc7+ 1-0

[Event "Women's Speed Chess Q6"]
[Site "chess.com INT"]
[Date "2021.06.05"]
[Round "7"]
[White "Vantika, Agrawal"]
[Black "Szente Varga, Fruzsina"]
[Result "1-0"]
[WhiteTitle "WIM"]
[BlackTitle "WFM"]
[WhiteElo "2286"]
[BlackElo "2100"]
[WhiteFideId "25050389"]
[BlackFideId "712264"]
[EventDate "2021.06.05"]

1. d4 Nf6 2. Nf3 g6 3. Nc3 Bg7 4. e4 d6 5. h3 O-O 6. Be2 e5 7. O-O Nc6 8. dxe5
dxe5 9. Be3 Be6 10. Ng5 Qe7 11. Nxe6 Qxe6 12. Nd5 Rac8 13. Nxf6+ Qxf6 14. c3
Rcd8 15. Qb3 b6 16. a4 a5 17. Bc4 Ne7 18. Rad1 h5 19. Rxd8 Rxd8 20. Rd1 Rxd1+
21. Qxd1 Qd6 22. Qxd6 cxd6 23. Bxb6 Kf8 24. Bxa5 Ke8 25. Bb5+ Kf8 26. Bb4 d5 27.
exd5 1-0

[Event "Women's Speed Chess Q6"]
[Site "chess.com INT"]
[Date "2021.06.05"]
[Round "7"]
[White "Dauletova, Gulmira"]
[Black "Chu, Ruotong"]
[Result "1-0"]
[WhiteTitle "WGM"]
[BlackTitle "WIM"]
[WhiteElo "2257"]
[BlackElo "2207"]
[WhiteFideId "13702971"]
[BlackFideId "8605653"]
[EventDate "2021.06.05"]

1. e4 c5 2. Nf3 e6 3. d4 cxd4 4. Nxd4 Nc6 5. Nc3 Qc7 6. g3 Nf6 7. Bg2 a6 8. O-O
Nxd4 9. Qxd4 Bc5 10. Qd3 Ng4 11. Qe2 Ne5 12. Bf4 d6 13. a3 O-O 14. Rad1 b5 15.
Kh1 Bb7 16. Bc1 Bxa3 17. bxa3 Qxc3 18. Rxd6 Rac8 19. f4 Nc4 20. Rd3 Qf6 21. g4
e5 22. g5 Qb6 23. f5 f6 24. g6 h6 25. Qh5 Nd6 26. Bxh6 gxh6 27. Qxh6 Qc7 28.
Rxd6 Qg7 29. Qxg7+ 1-0

[Event "Women's Speed Chess Q6"]
[Site "chess.com INT"]
[Date "2021.06.05"]
[Round "7"]
[White "Fronda, Jan Jodilyn"]
[Black "Komiagina, Maria"]
[Result "1-0"]
[WhiteTitle "WIM"]
[BlackTitle "WIM"]
[WhiteElo "2152"]
[BlackElo "2241"]
[WhiteFideId "5204585"]
[BlackFideId "4153987"]
[EventDate "2021.06.05"]

1. e4 c5 2. Nf3 Nc6 3. Bb5 e6 4. Bxc6 bxc6 5. O-O Ne7 6. b3 Ng6 7. Bb2 f6 8. d3
Bd6 9. Nbd2 O-O 10. Nc4 Bc7 11. h4 d5 12. Ncd2 e5 13. h5 Nf4 14. Nh4 Qe8 15. h6
g6 16. g3 Ne6 17. exd5 cxd5 18. c4 Bb7 19. Qf3 Rd8 20. cxd5 Bxd5 21. Qe2 Ng5 22.
Ne4 Ne6 23. Rac1 Bb6 24. Ba3 Nd4 25. Qe3 Qe7 26. Nxc5 Rc8 27. b4 g5 28. Rfe1
gxh4 29. Qxd4 Qd6 30. Qxh4 Kh8 31. Ne4 Qe7 32. b5 Rxc1 33. Bxc1 Bxe4 34. dxe4
Qc5 35. Be3 Qc3 36. Re2 1-0

[Event "Women's Speed Chess Q6"]
[Site "chess.com INT"]
[Date "2021.06.05"]
[Round "7"]
[White "Mammadova, Gulnar"]
[Black "Vo, Thi Kim Phung"]
[Result "1-0"]
[WhiteTitle "IM"]
[BlackTitle "WGM"]
[WhiteElo "2382"]
[BlackElo "2335"]
[WhiteFideId "13403508"]
[BlackFideId "12401838"]
[EventDate "2021.06.05"]

1. e4 e6 2. Qe2 d5 3. exd5 Qxd5 4. Nc3 Qd8 5. g3 Bd7 6. Bg2 Bc6 7. Nf3 Nf6 8.
O-O Be7 9. a3 Nbd7 10. b4 a6 11. Bb2 Nb6 12. d3 O-O 13. Rfe1 Re8 14. Ne5 Bxg2
15. Kxg2 Bf8 16. Ne4 Nxe4 17. dxe4 f6 18. Ng4 c5 19. Rad1 Qc7 20. Bxf6 cxb4 21.
Be5 Qf7 22. axb4 Rac8 23. c3 Nc4 24. Bf4 e5 25. Bc1 h5 26. Ne3 Nxe3+ 27. Qxe3
Rc4 28. Rd5 Qg6 29. Qd3 Rec8 30. Bd2 Be7 31. Rxe5 Bf6 32. Qd5+ Qf7 33. Qxf7+
Kxf7 34. Rxh5 Bxc3 35. Bxc3 Rxc3 36. Rd5 R8c7 37. e5 Ke7 38. Rd4 Rc2 39. Rg4 Kf8
40. e6 Ke8 41. e7 Rd2 42. Rxg7 1-0

[Event "Women's Speed Chess Q6"]
[Site "chess.com INT"]
[Date "2021.06.05"]
[Round "7"]
[White "Ambartsumova, Karina"]
[Black "Padmini, Rout"]
[Result "1-0"]
[WhiteTitle "IM"]
[BlackTitle "IM"]
[WhiteElo "2382"]
[BlackElo "2370"]
[WhiteFideId "4166299"]
[BlackFideId "5029295"]
[EventDate "2021.06.05"]

1. c4 c5 2. Nf3 g6 3. d4 cxd4 4. Nxd4 Nf6 5. Nc3 Bg7 6. e4 d6 7. Be2 O-O 8. O-O
Nc6 9. Nc2 a5 10. Be3 a4 11. Na3 Nd7 12. Rc1 Nc5 13. f3 Qa5 14. Qd2 Be6 15. Rfd1
Rfc8 16. Bf1 f5 17. exf5 Bxf5 18. Nd5 Be6 19. Nc3 Bf7 20. Kh1 Rd8 21. Qf2 e5 22.
Nab5 Bf8 23. Rd2 Rd7 24. Rcd1 Rad8 25. Bxc5 dxc5 26. Rxd7 Rxd7 27. Rxd7 1-0

[Event "Women's Speed Chess Q6"]
[Site "chess.com INT"]
[Date "2021.06.05"]
[Round "7"]
[White "Sviridova, Vlada"]
[Black "Gaponenko, Inna"]
[Result "0-1"]
[WhiteTitle "WFM"]
[BlackTitle "IM"]
[WhiteElo "2144"]
[BlackElo "2357"]
[WhiteFideId "24109606"]
[BlackFideId "14101181"]
[EventDate "2021.06.05"]

1. d4 g6 2. c4 Bg7 3. Nf3 d6 4. Nc3 Bg4 5. e3 Nc6 6. Be2 e5 7. d5 Nce7 8. h3
Bxf3 9. Bxf3 f5 10. g3 Nf6 11. Bg2 O-O 12. O-O c5 13. b3 e4 14. Bb2 g5 15. Ne2
Ng6 16. Qc2 Qe7 17. Rae1 Ne5 18. Nc1 Nf3+ 19. Bxf3 exf3 20. Bxf6 Qxf6 21. e4 Qh6
22. Kh2 g4 23. h4 Be5 24. Rh1 f4 25. h5 fxg3+ 26. fxg3 Qxh5+ 27. Kg1 Bd4+ 28.
Qf2 Qxh1+ 29. Kxh1 Bxf2 30. Rf1 Bxg3 31. Nd3 Rae8 32. e5 Bxe5 33. Nf2 h5 34. Ne4
Rf4 35. Ng3 Rf6 36. Nxh5 Rh6 0-1

[Event "Women's Speed Chess Q6"]
[Site "chess.com INT"]
[Date "2021.06.05"]
[Round "7"]
[White "Eswaran, Aksithi"]
[Black "Varney, Zoe"]
[Result "1-0"]
[WhiteTitle "WCM"]
[BlackTitle "WCM"]
[WhiteElo "1745"]
[BlackElo "1917"]
[WhiteFideId "2083485"]
[BlackFideId "436135"]
[EventDate "2021.06.05"]

1. e4 e5 2. Nf3 Nc6 3. Bc4 Nf6 4. d3 Bc5 5. O-O a6 6. h3 d6 7. c3 Ba7 8. Bb3 h6
9. Nbd2 O-O 10. Re1 Re8 11. Nf1 Be6 12. Ng3 Qd7 13. Be3 Na5 14. Bc2 c5 15. Nh4
Nc6 16. Nhf5 b5 17. Qf3 Nh7 18. Nh5 Bxf5 19. exf5 Ng5 20. Bxg5 hxg5 21. f6 g6
22. Ng7 Rec8 23. Qg3 Nd8 24. Qxg5 Ne6 25. Nxe6 Qxe6 26. Re3 Re8 27. Rf3 Kh7 28.
Qh4+ Kg8 29. Qh6 Qxf6 30. Rxf6 e4 31. dxe4 d5 32. exd5 Re5 33. Bxg6 1-0

[Event "Women's Speed Chess Q6"]
[Site "chess.com INT"]
[Date "2021.06.05"]
[Round "7"]
[White "Ribeiro, Regina"]
[Black "Vu, Bui Thi Thanh Van"]
[Result "0-1"]
[WhiteTitle "WIM"]
[BlackTitle "WFM"]
[WhiteElo "1920"]
[BlackElo "1750"]
[WhiteFideId "2100681"]
[BlackFideId "12408921"]
[EventDate "2021.06.05"]

1. Nf3 f5 2. e4 fxe4 3. Ng5 Nf6 4. d3 e5 5. dxe4 h6 6. Nh3 d6 7. Bc4 Qe7 8. Nc3
c6 9. Be3 Be6 10. Qe2 d5 11. exd5 cxd5 12. Bb5+ Nc6 13. Bd2 Bd7 14. O-O-O O-O-O
15. Rhe1 e4 16. Bf4 g5 17. Bg3 Qc5 0-1

[Event "Women's Speed Chess Q6"]
[Site "chess.com INT"]
[Date "2021.06.05"]
[Round "7"]
[White "Kulkarni, Bhakti"]
[Black "Paehtz, Elisabeth"]
[Result "1-0"]
[WhiteTitle "IM"]
[BlackTitle "IM"]
[WhiteElo "2391"]
[BlackElo "2456"]
[WhiteFideId "5019516"]
[BlackFideId "4641833"]
[EventDate "2021.06.05"]

1. d4 g6 2. Nf3 Bg7 3. g3 d6 4. Bg2 Nf6 5. O-O O-O 6. b3 c6 7. Bb2 Qa5 8. c4 Qh5
9. Nc3 Bh3 10. e4 Ng4 11. Re1 e5 12. dxe5 dxe5 13. Qe2 Nd7 14. Rad1 Nc5 15. Ba3
Ne6 16. Bxf8 Bxf8 17. Bxh3 Qxh3 18. Qf1 Qh5 19. h3 Nxf2 20. Kxf2 Bc5+ 21. Kg2
Bb4 22. Re3 Qh6 23. Qe2 Qg7 24. Red3 Qf6 25. Qf1 h5 26. h4 Rf8 27. Na4 b5 28.
cxb5 cxb5 29. Nc3 Bc5 30. Nxb5 Qe7 31. Ng5 Qb7 32. Nc3 Nd4 33. Qf6 Re8 34. Rf1
Bf8 35. Qxf7+ Qxf7 36. Rxf7 Be7 37. Rf1 Bb4 38. Nd5 1-0